000 00325nam a2200109Ia 4500
008 171211s9999 xx 000 0 und d
245 _aTonal Harmony: With an Introduction to Twentieth-Century Music
245 _cStefan Kostka
260 _c1994
650 _xmusic
856 _uhttp://down.ebook777.com/058/9780070358744.pdf
999 _c348719
_d348719